| 000 | 00480nam a2200145Ia 4500 | ||
|---|---|---|---|
| 008 | 151213s9999 xx 000 0 und d | ||
| 100 | _aCharls Dickens ed by - Fred keplas | ||
| 245 |
_aOliver Twist ; Authoritative Test, Review & Essays in Criticism _cCharls Dickens ed by - Fred keplas |
||
| 260 |
_aNew York _bNorton & Company _c1993 |
||
| 300 | _a3568 p. | ||
| 650 | _aEnglish Literature | ||
| 650 | _aLiterature | ||
| 700 | _aCharls Dickens ed by - Fred keplas | ||
| 999 |
_c2371 _d2371 |
||